La verdad acerca de la creación del Instituto de Enseñanza Práctica (Registro nro. 21721)
[ vista simple ]
| 000 -LEADER | |
|---|---|
| fixed length control field | 00352 a2200109 4500 |
| 001 - CONTROL NUMBER | |
| control field | ART_41802 |
| 005 - DATE AND TIME OF LATEST TRANSACTION | |
| control field | 20260410161814.0 |
| 008 - FIXED-LENGTH DATA ELEMENTS--GENERAL INFORMATION | |
| fixed length control field | 260409a |
| 100 1# - MAIN ENTRY--PERSONAL NAME | |
| Personal name | Sanguinetti, Horacio |
| 245 10 - TITLE STATEMENT | |
| Title | La verdad acerca de la creación del Instituto de Enseñanza Práctica |
| 773 0# - HOST ITEM ENTRY | |
| Title | Academia |
| Related parts | - Año 11, Nº21 (ene./jun. 2013) |
| Record control number | REV4314 |
No hay ítems disponibles.